H. G. Wells and his critics.

Bibliographic Details
Main Author: Raknem, Ingvald, 1910-
Format: Book
Language:English
Published: Oslo : Universitetsforlaget, [1962]
Subjects:

MARC

Tag First Indicator Second Indicator Subfields
LEADER 00000cam a2200000 4500
001 in00000026613
005 20151007062605.0
008 740821s1962 no b 00000 eng u
010 |a  63024266  
035 |a (OCoLC)00985842 
035 |9 AAD5294AM 
040 |c YMM  |d TXA  |d UtOrBLW 
049 |a TXAM  |c [466576] 
050 0 0 |a PR5777  |b .R3 
082 0 |a 823.912 
092 |a 823  |b W454Yr 
100 1 |a Raknem, Ingvald,  |d 1910- 
245 1 0 |a H. G. Wells and his critics. 
264 1 |a Oslo :  |b Universitetsforlaget,  |c [1962] 
300 |a 475 pages ;  |c 23 cm. 
336 |a text  |b txt  |2 rdacontent 
337 |a unmediated  |b n  |2 rdamedia 
338 |a volume  |b nc  |2 rdacarrier 
504 |a "The writings of Herbert George Wells": pages 430-434. Bibliography: pages 435-440,446-475. 
600 1 0 |a Wells, H. G.  |q (Herbert George),  |d 1866-1946. 
999 |a MARS 
999 f f |s f5ef47b1-33c1-307a-9b9e-a19d0befac60  |i 3c8da1ff-f9ea-3858-bf3b-54baea455b0a  |t 0 
952 f f |p normal  |a Texas A&M University  |b College Station  |c Sterling C. Evans Library  |d Evans: Library Stacks  |t 0  |e PR5777 .R3  |h Library of Congress classification  |i unmediated -- volume  |m A14801333380 
998 f f |a PR5777 .R3  |t 0  |l Evans: Library Stacks